Biblioteca y Centro de Documentación

Vista normal Vista MARC

Entrada Nombre de reunión

Número de registros utilizados en: 1

001 - NÚMERO DE CONTROL

  • Campo de control: 355

003 - IDENTIFICADOR DE NÚMERO DE CONTROL

  • Campo de control: ES-MaCES

005 - FECHA Y HORA DE LA ULTIMA MODIFICACION

  • Campo de control: 19990623164300.0

008 - ELEMENTOS DE DATOS DE LONGITUD FIJA

  • Campo de longitud fija: 981124 | azznnaabn |n ana d

035 ## - NÚMERO DE CONTROL DEL SISTEMA

  • Número de control del sistema: CES19980003823c

040 ## - FUENTE DE LA CATALOGACIÓN

  • Agencia original de catalogación: ES-MaCES
  • Idioma de catalogación: spa
  • Agencia de transcripción: ES-MaCES

111 2# - ENCABEZAMIENTO--NOMBRE DE REUNIÓN

  • Nombre de reunión o jurisdicción como elemento de entrada: Conferencia correspondiente al Plan Territorial de Formación del Consejo General del Poder Judicial para Jueces y Magistrados
  • Fecha de reunión: 1995
  • Lugar de la reunión: Cantabria

901 ## - CES. DATOS SIRTEX

  • ID Sirtex (N5N8): 0002400000382
  • 005BIS Sirtex: 199811241301MIG
© CES, Consejo Económico y Social de España 2021